L'oubli de l'air chez Martin Heidegger /

Este libro forma parte de un proyecto de la teórica feminista francesa Luce Irigaray, en que explora las relaciones de los seres humanos con los cuatro elementos (tierra, aire, fuego y agua) y la naturaleza. La autora, con base en las teorías de Martin Heidegger, refuta que la tierra sea el origen d...

Deskribapen osoa

Gorde:
Xehetasun bibliografikoak
Egile nagusia: Irigaray, Luce (autor)
Formatua: Liburua
Hizkuntza:frantsesa
Argitaratua: París, Francia : Editions de Minuit, 1983, c1983
Saila:(Critique)
Gaiak:
Etiketak: Etiketa erantsi
Etiketarik gabe, Izan zaitez lehena erregistro honi etiketa jartzen!

MARC

LEADER 00000nam^a2200000^a^4500
001 000181872
005 20250521000000.0
009 20260310101946.896
020 |a 2-7073-0638-X 
037 |a Acervo ITESO - Biblioteca 
041 |a FRA 
082 |a 305. 4201  |b IRI 
100 |a Irigaray, Luce  |e (autor) 
245 1 1 |a L'oubli de l'air chez Martin Heidegger /  |c L. Irigaray. 
264 4 |a París, Francia :  |b Editions de Minuit,  |c 1983, c1983 
300 |a 157 p. 
336 |a texto  |b txt  |2 rdacontenido 
337 |a sin mediación  |b n  |2 rdamedio 
338 |a volumen  |b nc  |2 rdasoporte 
440 1 |a (Critique) 
520 |a Este libro forma parte de un proyecto de la teórica feminista francesa Luce Irigaray, en que explora las relaciones de los seres humanos con los cuatro elementos (tierra, aire, fuego y agua) y la naturaleza. La autora, con base en las teorías de Martin Heidegger, refuta que la tierra sea el origen de la vida y se deje de lado el aire. Obra sobre la metafísica, también hace énfasis en la vivienda y la habitación humanas. 
649 |a XX 
650 |a Feminismo -  |x Teoría 
650 |a Feminismo -  |x Filosofía 
650 |a Epistemología 
650 |a Antropología Filosófica 
650 |a Filosofía 
650 |a Heidegger, Martin 
910 |a Fondo Armando Suárez Gómez 
920 |a Impresos - Libros 
930 |a Fondos Especiales 
905 |a 111 
901 |a 0700000623  |b IT2  |c ESP  |u 20250521 
902 |a https://opac.biblio.iteso.mx/vufind/Record/000181872